00274nam a2200121Ia 45000030006000000080041000060400015000471000033000622450019000952600009001145460012001230050017001350STCL150530s9999 xx 000 0 und d aSTCLcSTCL aThomas Mann; Lowe Porter; Tr aDoctor Faustus c1992 aEnglish20220125171156.0